000
00294nam a2200097Ia 4500
005
20251222154305.0
008
251222s9999||||xx |||||||||||||| ||spa||
082
_a
REF.312.098.5/M61
245
0
_a
"Mapas y datos del PerĂº descentralizado: Capacidades, potencialidades y limitaciones"
942
_c
LIB
999
_c
33186
_d
33186